| 000 | 00585nam a2200193Ia 4500 | ||
|---|---|---|---|
| 003 | GCL | ||
| 008 | 140319s9999 xx 000 0 eng d | ||
| 040 |
_aGCL / _cGCL |
||
| 082 | 0 | 4 |
_a746.39 _bT R |
| 100 | 1 | _aTRILLING, JAMES | |
| 245 | 1 | 0 |
_aTHE ROMAN HERITAGE: TEXTILES FROM EGYPT AND THE EASTERN MEDITERRANEAN 300 TO 600 AD / _cTRILLING, JAMES |
| 260 |
_a[S.N] : _bTHE TEXTILE MUSEUM ، _c1982 |
||
| 300 | _a112 | ||
| 650 | 0 | 4 | _aTEXTILE ROMAN, EGYPT |
| 650 | 0 | 4 | _aEXHIBITION |
| 650 | 0 | 4 | _aTEXTILE COPTIC EXHIBITIONS |
| 650 | 0 | 4 | _aTEXTILE MUSEUM WASHINGTION D.C |
| 942 |
_2ddc _cBK |
||
| 999 |
_c25267 _d25267 |
||